লোডিং...

അക്ഷരവിദ്യ

গ্রন্থ-পঞ্জীর বিবরন
প্রধান লেখক: കെ വി രാമകൃഷ്ണ൯, K V Ramakrishanan
বিন্যাস: Printed Book
প্রকাশিত: Kochi; Hi-Tech Books; 1994
সংস্করন:1st
বিষয়গুলি:
LEADER 00754nam a22001817a 4500
082 |a 894.M1  |b RAM4/A N4 
100 |a കെ വി രാമകൃഷ്ണ൯;  |9 43277 
100 |a K V Ramakrishanan   |9 43278 
240 |a Aksharavidya 
245 |a അക്ഷരവിദ്യ 
250 |a 1st 
260 |a Kochi;  |b Hi-Tech Books;  |c 1994 
300 |a 116p. 
650 |a മലയാളം; മലയാളസാഹിത്യം; മലയാളം കവിതകള്‍  |9 43279 
650 |a Malayalam; Malayalam Literature; Malayalam Poetry  |9 43280 
942 |c BK 
999 |c 40256  |d 40256 
952 |0 0  |1 0  |4 0  |6 894_000000000000000_M1_RAM4_A_N4  |7 0  |8 POE  |9 45938  |a MAL  |b MAL  |d 2015-06-30  |e 41477  |g 40.00  |l 0  |o 894.M1 RAM4/A N4  |p MAL041477  |r 2015-06-30  |t 1  |w 2015-06-30  |y BK